000 00762nam a2200217Ia 4500
008 101110s9999 xx 000 0 und d
041 _aMARATHI
082 _bSR34113
_a891.4692
100 _aBavaskar Himmatrao Saluba
245 _aBarristerch kart : kashtakari samajatil aantarashtriya khyatichya sanshodhak doctorche aatmakathan
260 _c2008
_bMajestick prakashan, Mumbai
300 _a262
365 _b200
520 _aMarathi
546 _aMARATHI
630 _aBarristerch kart : kashtakari samajatil aantarashtriya khyatichya sanshodhak doctorche aatmakathan
650 _aMarathi
655 _aMarathi
730 _aBarristerch kart : kashtakari samajatil aantarashtriya khyatichya sanshodhak doctorche aatmakathan
942 _cBOOK
999 _c826614
_d826611